[Event "Moscow Open-F 2019"]
[Site "Moscow"]
[Date "2019.01.30"]
[Round "6"]
[White "Matyunin, Maxim"]
[Black "Jaiswal, Rupesh"]
[Result "1/2-1/2"]
[WhiteElo "2218"]
[BlackElo "2141"]
[Annotator "TA"]
[PlyCount "75"]
[EventDate "2019.01.26"]
[EventType "swiss"]
[EventCountry "RUS"]
[SourceTitle "playchess.com"]
[Source "ChessBase"]
[SourceQuality "1"]

{[%evp 22,75,40,39,46,55,48,45,58,53,49,64,51,53,88,93,141,102,127,117,168,166,163,154,149,166,174,142,135,101,115,0,0,0,0,0,0,0,0,0,0,0,0,0,0,0,29,42,43,0,0,0,0,0,0,0]} 1. d4 ({Predecessor:} 1. c4 Nf6 2. Nc3 d5 3. d4 g6 4. cxd5 Nxd5 5. e4 Nxc3 6. bxc3 Bg7 {1-0 (50) Mitin,A (2271)-Sandhu,H (2050) FIDE.com 2002}) 1... Nf6 2. Nf3 $146 (2. c4 g6 3. Nc3 d5 4. cxd5 Nxd5 5. e4 Nxc3 6. bxc3 Bg7 7. Be3 O-O 8. Nf3 c5 9. Be2 Bg4 10. O-O cxd4 11. cxd4 {1-0 (43) Yilmaz,M (2619)-Perelshteyn,E (2513) Reykjavik 2018}) 2... g6 3. c4 Bg7 4. Nc3 d5 5. cxd5 Nxd5 6. e4 Nxc3 7. bxc3 O-O 8. Be2 c5 9. O-O cxd4 10. cxd4 {[%cal Bc3d4,Bd4d5][%mdl 32]} Nc6 11. Be3 Bg4 12. d5 Bxa1 {D85: Exchange Grünfeld: Unusual White 7th moves and lines with 7 Nf3} (12... Bxf3 13. Bxf3 Bxa1 14. Qxa1 Na5 15. Bh6 f6 16. Bxf8 Kxf8 17. Bg4 Nc4 18. Be6 b5 19. Re1 Qb8 20. g3 a6 21. Kg2 {1-0 (43) Yilmaz,M (2619)-Perelshteyn,E (2513) Reykjavik 2018}) 13. Qxa1 Na5 14. Bh6 {[%csl Gh6][%cal Ra1g7]} f6 {White is slightly better.} 15. Bxf8 Qxf8 16. h3 Bxf3 17. Bxf3 Rc8 18. Bg4 $36 {[%mdl 2048] Keeping Black busy.} Rc5 ({Predecessor:} 18... f5 19. exf5 gxf5 20. Bh5 {1-0 (50) Mitin,A (2271)-Sandhu,H (2050) FIDE.com 2002}) 19. Be6+ Kg7 20. f4 Nc4 (20... b6 $16 {was necessary.}) 21. Qd4 $18 b6 22. Rc1 Nd6 23. Rxc5 bxc5 24. Qxc5 Nxe4 25. Qxa7 Qd8 {[#]} 26. Qd4 (26. Qd7 $1 $16 {[%cal Rd7d8]} Qxd7 27. Bxd7) 26... Nd6 $11 27. Qb4 Qc7 28. a4 Qc1+ 29. Kh2 Qe3 30. Bg4 f5 31. Bf3 Kf7 $1 32. a5 {Strongly threatening a6.} h5 $1 33. Qa4 Ne4 34. Bxe4 fxe4 35. Qa2 h4 {The position is equal.} 36. d6+ e6 $1 37. Qb1 {aiming for Kh1.} Qxf4+ {[%mdl 64] [#] Double Attack} 38. Kg1 {Accuracy: White = 81%, Black = 72%.} 1/2-1/2

[Event "Moscow Open-F 2019"]
[Site "Moscow"]
[Date "2019.01.30"]
[Round "6"]
[White "Grachev, Andrey"]
[Black "Seliverstov, Vladislav"]
[Result "1-0"]
[WhiteElo "2181"]
[BlackElo "2103"]
[Annotator "TA"]
[PlyCount "45"]
[EventDate "2019.01.26"]
[EventType "swiss"]
[EventCountry "RUS"]
[SourceTitle "playchess.com"]
[Source "ChessBase"]
[SourceQuality "1"]

{[%evp 12,45,39,31,45,16,32,28,59,51,45,45,57,43,55,24,48,32,48,33,231,178,407,407,395,368,1295,1266,1189,1162,1075,1166,1103,1030,1619,1530]} 1. e4 c6 2. d4 d5 3. e5 Bf5 4. Nf3 $146 ({Predecessor:} 4. Nd2 e6 5. Nb3 Nd7 6. Nf3 Bg6 7. Be2 Ne7 {1-0 (37) Rublevsky,S (2678)-Vuckovic,B (2626) Aix les Bains 2011}) 4... e6 5. Be2 Ne7 6. O-O Nd7 7. Nbd2 Bg6 {B12: Caro-Kann: Advance Variation} 8. Nb3 Nf5 9. Bd2 Be7 {White has an edge.} 10. g4 Nh4 11. Nxh4 Bxh4 12. f4 $36 {[%mdl 2048] [#] And now f5 would win. White has good play.} Be4 13. Bf3 Bxf3 14. Qxf3 {Threatens to win with g5.} Be7 15. f5 exf5 $2 (15... O-O $14) 16. gxf5 $18 ({Not} 16. Qxf5 O-O $14) 16... Nf8 $2 (16... Qc7 17. Bf4 Qc8) 17. Rae1 Bg5 18. e6 Be7 $2 (18... Bxd2 19. e7 Qb6) 19. Qh5 {[%csl Ge6][%cal Rh5f7] White is clearly winning.} g6 20. exf7+ Kd7 21. Qh3 {f6+ is the strong threat.} Kc7 22. Bf4+ Kb6 {[#]} 23. Nc5 $1 {[%mdl 512] Accuracy: White = 88%, Black = 25%.} 1-0

[Event "Moscow Open-F 2019"]
[Site "Moscow"]
[Date "2019.01.30"]
[Round "6"]
[White "Ufimtsev, Egor"]
[Black "Nyudleev, Dolgan"]
[Result "0-1"]
[WhiteElo "2160"]
[BlackElo "2333"]
[Annotator "NA RC"]
[PlyCount "102"]
[EventDate "2019.01.26"]
[EventType "swiss"]
[EventCountry "RUS"]
[SourceTitle "playchess.com"]
[Source "ChessBase"]
[SourceQuality "1"]
[TimeControl "40/5400+30:1800+30"]

{[%evp 11,102,73,68,62,71,38,69,58,69,51,82,32767,32767,0,0,17,32767,33,20,50,32767,37,78,52,52,-94,-122,-106,-106,-104,-122,-118,32767,32767,32767,32767,32767,-64,-52,-62,-16,-6,-24,-8,-4,-15,-6,-6,-5,-10,-11,-8,0,0,90,0,0,32767,32767,32767,32767,0,0,-356,-310,32767,-358,32767,-311,32767,32767,-349,32767,-35,32767,-33,32767,-290,-349,-428,32767,-181,-195,-171,-177,-175,-171,-152,32767,32767,-175,-29997,-29998]} 1. c4 c6 {[%emt 0:16:54]} 2. Nf3 {[%emt 0:11:50]} d5 {[%emt 0:00:11]} 3. d4 {[%emt 0:00:06]} dxc4 {[%emt 0:00:05]} 4. e3 {[%emt 0:00:30]} Be6 {[%emt 0:00:02]} 5. Nc3 {[%emt 0:00:11]} Nf6 {[%emt 0:00:16]} 6. Ng5 {[%emt 0:12:28] LiveBook: 65 Games D25: Queen's Gambit Accepted: 4 e3: sidelines and 4...Bg4} Bg4 {[%emt 0:06:37]} 7. f3 $1 {[%emt 0:15:53]} Bh5 {[%emt 0:01:19]} 8. Bxc4 {[%emt 0:00:32]} e6 {[%emt 0:00:04]} 9. Nh3 {[%emt 0:05:44]} Be7 $146 {[%emt 0:01:01]} ({Predecessor:} 9... Bd6 10. e4 Bc7 11. Nf4 Bg6 12. Be3 b5 13. Bb3 a5 {1-0 (39) Hadzimanolis,A (2329)-Kovchan,A (2515) Kharkov 2008}) 10. Nf4 {[%emt 0:00:49]} Bg6 {[%emt 0:00:27]} 11. Qb3 {[%emt 0:07:18]} (11. e4 $14) 11... b5 {[%emt 0:35:08]} 12. Bxe6 {[%emt 0:23:51]} fxe6 {[%emt 0:01:43]} 13. Nxe6 {[%emt 0:00:04]} Qd6 {[%emt 0:07:42]} 14. Nxg7+ {[%emt 0:05:16]} Kd7 {[%emt 0:01:04]} 15. e4 {[%emt 0:00:09]} Bf8 {[%emt 0:02:06]} 16. e5 {[%emt 0:07:06]} Qe7 {[%emt 0:03:20] Trapped Piece} 17. Bg5 $1 {[%emt 0:00:04] Pin} Bxg7 {[%emt 0:00:29]} 18. O-O-O {[%emt 0:00:02]} (18. O-O $1 $14 {is the one way to stay ahead.} h6 19. Nd5) 18... Qe6 {[%emt 0:08:27]} 19. Qxe6+ {[%emt 0:10:03]} Kxe6 {[%emt 0:00:07]} 20. exf6 {[%emt 0:00:04]} Bxf6 {[%emt 0:00:48]} 21. d5+ cxd5 {[%emt 0:03:45]} 22. Rhe1+ {[%emt 0:00:46]} Kf7 {[%emt 0:00:23]} 23. Bxf6 {[%emt 0:00:03]} Kxf6 {[%emt 0:00:01]} 24. Nxd5+ {[%emt 0:10:58]} Kg7 $1 {[%emt 0:00:40]} 25. Ne7 {[%emt 0:04:20]} a6 {[%emt 0:06:01]} 26. Nxg6 {[%emt 0:03:44]} hxg6 {[%emt 0:00:02]} 27. Re7+ {[%emt 0:00:28]} Kf6 {[%emt 0:03:49]} 28. Rc7 {[%emt 0:00:19]} a5 {[%emt 0:00:49]} 29. Rd6+ {[%emt 0:01:01]} Ke5 {[%emt 0:00:11]} 30. Rxg6 {[%emt 0:00:34]} Na6 {[%emt 0:00:16]} 31. Re7+ {[%emt 0:00:29]} Kf5 {[%emt 0:00:58]} 32. Ree6 {[%emt 0:00:32]} Rac8+ {[%emt 0:00:28] [#]} (32... Nb4 $11 {keeps the balance.}) 33. Kb1 {[%emt 0:00:05]} ({White should play} 33. Kd2 $1 $16 {[%cal Rd2e3]} Nc7 34. g4+ Kf4 35. Rgf6+ Kg5 36. Rg6+ Kh4 37. Rd6) 33... Rxh2 {[%emt 0:00:29]} 34. Rgf6+ {[%emt 0:00:46]} Kg5 {[%emt 0:00:01]} 35. a3 {[%emt 0:00:31]} Nc5 {[%emt 0:00:58]} 36. Rg6+ {[%emt 0:00:12]} (36. f4+ Kg4 37. Rg6+ Kxf4 38. Rgf6+ Kg5 39. Rg6+ Kf5 40. Rgf6+ Kg5 41. Rg6+ Kf5 42. Rgf6+ Kg5 $11) 36... Kf4 {[%emt 0:00:28]} (36... Kf5 $5 37. Rgf6+ $8) 37. Rb6 $2 {[%emt 0:00:49]} (37. g3+ $1 $11 {and White has nothing to worry.} Kxf3 38. Rgf6+ Kxg3 39. Rg6+ Kf3 40. Rgf6+ Kg3 41. Rg6+ Kh4 42. Rh6+ Kg4 43. Rhg6+ Kf4 44. Rgf6+ Kg3) 37... a4 {[%emt 0:00:42]} 38. Rxb5 {[%emt 0:00:34]} Rh1+ {[%emt 0:00:19]} 39. Ka2 {[%emt 0:00:02]} Ke3 {[%emt 0:00:27]} 40. Rg4 {[%emt 0:00:23]} Kd3 {[%emt 0:00:44]} 41. Rbb4 {[%emt 0:30:29]} Rc1 {[%emt 0:30:32]} 42. Rgd4+ {[%emt 0:00:22]} Ke3 {[%emt 0:00:19]} 43. Rdc4 {[%emt 0:01:12]} Nd3 {[%emt 0:00:37]} 44. Re4+ $2 {[%emt 0:00:16]} (44. Rxc1 $11 Nxb4+ 45. Kb1) 44... Kd2 {[%emt 0:00:30]} 45. Rb6 {[%emt 0:00:40]} R8c4 {[%emt 0:00:35]} 46. Rxc4 {[%emt 0:00:38]} Rxc4 {[%emt 0:00:02]} 47. Kb1 {[%emt 0:00:30]} Rc1+ {[%emt 0:00:55]} 48. Ka2 {[%emt 0:00:02]} Rc2 {[%emt 0:00:25]} 49. Kb1 {[%emt 0:00:18]} Rc1+ {[%emt 0:00:19]} 50. Ka2 {[%emt 0:00:02]} Rg1 {[%emt 0:00:31]} 51. g4 $2 {[%emt 0:00:52]} (51. Rd6 $19) 51... Nc1+ {[%emt 0:00:03]} 0-1

[Event "Moscow Open-F 2019"]
[Site "Moscow"]
[Date "2019.01.30"]
[Round "6"]
[White "Khudyakov, Stanislav"]
[Black "Rudometov, Maxim"]
[Result "0-1"]
[WhiteElo "2126"]
[BlackElo "2265"]
[Annotator "TA"]
[PlyCount "116"]
[EventDate "2019.01.26"]
[EventType "swiss"]
[EventCountry "RUS"]
[SourceTitle "playchess.com"]
[Source "ChessBase"]
[SourceQuality "1"]

{[%evp 10,116,72,49,65,69,77,63,85,89,85,58,73,71,93,35,43,46,62,23,61,36,83,34,33,20,27,-18,-7,-39,-33,-31,-37,-50,10,7,9,4,12,11,31,31,24,17,46,0,11,-75,-75,-102,-71,-68,-63,-69,-72,-58,-39,-141,-22,-114,-62,-109,-115,-120,-111,-426,-418,-419,-400,-413,-406,-489,-222,-491,-492,-492,-475,-469,-468,-487,-450,-470,-474,-464,-458,-503,-490,-491,-488,-584,-554,-645,-608,-585,-552,-552,-545,-654,-650,-683,-674,-727,-720,-713,-694,-800,-774,-847,-787]} 1. e4 d5 2. exd5 Qxd5 3. Nc3 Qd8 4. d4 $146 (4. Bc4 c6 5. Nf3 Nf6 {½-½ (75) Jones,G (2682)-Usmanov,V (2450) St Petersburg 2018}) ({Predecessor:} 4. Bc4 Nf6 5. d4 c6 {0-1 (62) Chernenko,O-Pershina,E Penza 2006}) 4... Nf6 5. Nf3 c6 6. Bc4 b5 {B01: Scandinavian Defence} 7. Bd3 (7. Bb3 e6 8. a4 b4 9. Ne2 Be7 10. a5 O-O 11. O-O Nbd7 12. Nf4 Ba6 13. Re1 c5 14. Ba2 {½-½ (75) Jones,G (2682)-Usmanov,V (2450) St Petersburg 2018}) 7... g6 8. O-O Bg7 {White is slightly better.} 9. Re1 O-O 10. Qe2 ({Predecessor:} 10. Ne5 Qxd4 11. Qf3 Bb7 12. Nxb5 Qb4 13. c3 Qa5 14. Nd4 {0-1 (62) Chernenko,O-Pershina,E Penza 2006}) 10... Re8 11. Bg5 Be6 12. a4 (12. Qd2 $16) 12... b4 $14 13. Ne4 Nbd7 14. a5 Nd5 15. Qd2 Qc7 16. Bh6 Bg4 17. Bxg7 Kxg7 18. Be2 Rab8 19. Neg5 h6 20. h3 Bf5 21. Nh4 $1 Qf4 ({Black should try} 21... e6 $15 22. Nxf5+ exf5) 22. Nxf5+ $11 gxf5 23. Nf3 Qxd2 24. Nxd2 Kf6 25. Nc4 Rec8 $1 26. Bf3 Nf4 27. Ne5 Nxe5 28. Rxe5 (28. dxe5+ $11 {remains equal.} Kg7 29. Rad1) 28... Ne6 $17 29. c3 bxc3 30. bxc3 c5 31. Rd5 cxd4 32. cxd4 Rc7 33. Ra4 ({Better is} 33. g4 $15) 33... f4 (33... Rb2 $17 {Strongly threatening ...Rc1+.} 34. a6 Rc1+ 35. Kh2 Rxf2) 34. Be4 (34. Ra1 $11 {keeps the balance.}) 34... Rc1+ 35. Kh2 Rb2 36. Rf5+ Kg7 37. f3 $2 {[%mdl 8192] [#]} (37. h4 $17) 37... Rd2 $1 $19 38. h4 Rdd1 {[%csl Gc1][%cal Rd1h1]} 39. Kh3 Nxd4 40. Rxf4 {intending Rg4+.} h5 (40... Ne2 $142 41. Rf5 Rh1+ 42. Kg4 Rcg1) 41. Bd5 $2 (41. Rxd4 {was forced.} Rxd4 42. Rf5) 41... Rh1+ {Black is clearly winning.} 42. Kg3 Ne2+ {[%mdl 64] [#] Double Attack} 43. Kf2 Nxf4 44. Rxf4 {[%mdl 4096] Endgame KRR-KRB} Rc2+ 45. Kg3 e6 46. Rc4 Ra2 ({Not} 46... exd5 47. Rxc2 d4 48. Rd2 $11) 47. Be4 Rxa5 48. Rc7 Rd1 49. Rb7 Ra2 50. f4 Rd4 51. Bf3 Ra5 52. Rc7 a6 {[%cal Ba7a6,Ba6a5,Ba5a4][%mdl 32]} 53. Ra7 Ra3 54. Rc7 a5 55. Rc5 Rd5 56. Rc7 Rf5 57. Rc4 a4 58. Kh2 Ra5 {Accuracy: White = 36%, Black = 58%.} 0-1

[Event "Moscow Open-F 2019"]
[Site "Moscow"]
[Date "2019.01.30"]
[Round "6"]
[White "Pischasov, Alexander"]
[Black "Mokshanov, Alexey"]
[Result "0-1"]
[WhiteElo "2022"]
[BlackElo "2442"]
[Annotator "TA"]
[PlyCount "108"]
[EventDate "2019.01.26"]
[EventType "swiss"]
[EventCountry "RUS"]
[SourceTitle "playchess.com"]
[Source "ChessBase"]
[SourceQuality "1"]

{[%evp 11,108,27,25,24,27,20,26,0,0,0,0,0,0,0,25,25,58,25,38,24,28,20,33,5,14,2,20,0,0,0,0,0,0,0,0,0,0,-48,-48,-69,-81,-111,-80,-77,-63,-93,-86,-90,-37,-67,-62,-89,-89,-108,-70,-74,-68,-106,-100,-191,-189,-175,-164,-166,-184,-254,-250,-287,-277,-280,-212,-271,-210,-340,-322,-351,-362,-349,-338,-341,-341,-339,-340,-325,-321,-455,-476,-590,-591,-891,-841,-809,-657,-29979,-29975,-29988,-3789,-29982,-29980]} 1. d4 d5 $146 (1... Nf6 2. c4 e6 3. Nf3 {1-0 (80) Dubov,D (2691)-Cheparinov,I (2718) Abu Dhabi 2018}) ({Predecessor:} 1... Nf6 2. c4 e6 3. Nf3 {0-1 (28) Makhmutov,R (2396)-Santos Latasa,J (2467) Al Ain 2013}) 2. c4 e6 3. Nf3 Nf6 4. g3 dxc4 5. Bg2 a6 6. O-O Nc6 7. Bg5 {E04: Open Catalan: 5 Nf3} (7. b3 cxb3 8. Qxb3 Be7 9. Bb2 O-O 10. Nbd2 a5 11. a3 Bd7 12. Nc4 a4 13. Qc2 Na5 14. Nfe5 Nxc4 15. Qxc4 {1-0 (80) Dubov,D (2691)-Cheparinov,I (2718) Abu Dhabi 2018}) 7... Be7 8. e3 Bd7 9. Qc1 {White has an edge.} b5 10. b3 cxb3 11. axb3 Nd5 12. Bxe7 Ncxe7 13. Ne5 O-O 14. Nc3 {[%cal Bb1c3,Bc3e4,Be4c5][%mdl 1056] White has compensation.} c6 ({Predecessor:} 14... f6 15. Nxd7 Qxd7 {0-1 (28) Makhmutov,R (2396)-Santos Latasa,J (2467) Al Ain 2013}) 15. Ne4 a5 16. Nc5 Bc8 17. Qd2 b4 18. Rfc1 Ba6 19. Ne4 Bb5 20. Qc2 h6 21. h4 Ra6 22. Kh2 Qa8 23. Nd7 Rd8 24. Ndc5 Ra7 25. Bh3 Qb8 26. Qd1 Ng6 27. Qh5 Nf8 28. Re1 Re8 29. f4 Nh7 ({Black should try} 29... Qd8 $17) 30. Qf3 Nhf6 31. Kh1 Nxe4 32. Qxe4 Nf6 33. Qg2 Qc7 34. g4 Nd7 35. Ne4 {[#]} (35. Rac1 $17) 35... c5 $1 $19 36. g5 Bc6 37. gxh6 {[%csl Gh6][%cal Rg2g7] [#]} g6 $1 $36 {[%mdl 2048] Strongly threatening ...Qb7. Black is in control.} 38. Bg4 ({Not} 38. dxc5 $2 Qb7 $19) (38. Kg1 {was called for.}) 38... Qd8 39. Kg1 Bxe4 (39... Qxh4 40. Bf3 $19) 40. Qxe4 Qxh4 41. Bf3 Qxh6 42. dxc5 (42. Rec1 $142) 42... Nxc5 43. Qc6 Qf8 44. Qb6 Ra6 45. Qb5 Rb8 46. Qc4 a4 47. bxa4 Rxa4 ({But not} 47... b3 48. Kg2 $19) 48. Rab1 (48. Rxa4 {might work better.} Nxa4 49. Rb1) 48... b3 49. Qc3 Ra2 50. Bg2 Rc2 51. Qa5 Qd8 52. Qa7 Rc8 53. Bf3 Ra2 (53... Qh4 $142 54. Re2 Qg3+ {[%mdl 64] Double Attack} 55. Rg2 Qxf3 56. Rxc2 bxc2 57. Rf1 Qg3+ 58. Kh1 Ne4 59. Qa6 c1=Q 60. Qxc8+ Qxc8 61. f5 Qc6 62. fxg6 Nf2#) 54. Rbd1 Rxa7 {Accuracy: White = 35%, Black = 80%.} 0-1

[Event "Moscow Open-F 2019"]
[Site "Moscow"]
[Date "2019.01.30"]
[Round "6"]
[White "Kuzub, Pavel"]
[Black "Aleksandrovskiy, Dmitriy"]
[Result "1/2-1/2"]
[WhiteElo "1976"]
[BlackElo "2299"]
[Annotator "TA"]
[PlyCount "27"]
[EventDate "2019.01.26"]
[EventType "swiss"]
[EventCountry "RUS"]
[SourceTitle "playchess.com"]
[Source "ChessBase"]
[SourceQuality "1"]

{[%evp 9,27,54,66,51,52,52,38,32,42,29,31,45,60,61,71,51,64,26,34,-11]} 1. Nf3 d6 2. d4 Bg4 3. e4 Nd7 4. Be2 g6 (4... c6 5. h3 Bh5 6. c4 Qc7 7. Nc3 Ngf6 8. Be3 e5 9. d5 Be7 10. Nd2 Bg6 11. O-O O-O 12. Rc1 {1-0 (36) Romanov,E (2619)-Pridorozhni,A (2579) St Petersburg 2016}) 5. h3 Bxf3 $1 6. Bxf3 {A41: 1 d4 d6: Tartakower System and Modern Defence} Bg7 7. O-O $146 ({Predecessor:} 7. Be3 c5 8. c3 Qc7 9. O-O e6 10. Nd2 Ne7 11. Rc1 O-O {1-0 (38) Bojnar,I (1631)-Torok,A (1592) Hungary 2018}) 7... e5 8. Be3 exd4 9. Bxd4 Bxd4 10. Qxd4 Qf6 11. Qb4 Ne7 12. Nc3 O-O 13. Nb5 Nc6 14. Qa3 1/2-1/2

[Event "Moscow Open-F 2019"]
[Site "Moscow"]
[Date "2019.01.30"]
[Round "6"]
[White "Razumovskiy, Mikhail"]
[Black "Teiitbaev, Aktilek"]
[Result "0-1"]
[WhiteElo "1974"]
[BlackElo "2229"]
[Annotator "TA"]
[PlyCount "36"]
[EventDate "2019.01.26"]
[EventType "swiss"]
[EventCountry "RUS"]
[SourceTitle "playchess.com"]
[Source "ChessBase"]
[SourceQuality "1"]

{[%evp 12,36,59,62,53,-161,-164,-158,-146,-283,-295,-399,-396,-477,-472,-541,-522,-529,-529,-679,-674,-709,-706,-954,-918,-1279,-1276]} 1. d4 $146 ({Predecessor:} 1. e4 g6 2. d4 Bg7 3. c4 d6 4. Nc3 Nf6 {1-0 (28) Pridorozhni,A (2579)-Chigaev,M (2551) Sochi 2016}) 1... Nf6 2. c4 g6 3. f3 Bg7 4. e4 d6 5. Nc3 O-O 6. Be3 b6 7. Qd2 c5 {E82: King's Indian: Sämisch: 6...b6} 8. e5 $2 {[#]} (8. d5 $14 {stays ahead.}) ({Predecessor:} 8. d5 e6 9. Nge2 exd5 10. cxd5 a6 11. a4 Nbd7 12. Nf4 Rb8 13. Be2 Re8 14. O-O Ne5 15. Rfe1 g5 16. Nh3 Bxh3 17. gxh3 {1-0 (28) Pridorozhni,A (2579)-Chigaev,M (2551) Sochi 2016}) 8... cxd4 $1 $19 9. exf6 dxc3 {Black is clearly better.} 10. Qd5 (10. Qxc3 $17 {is a better defense.} Bxf6 11. Qd2) 10... Bxf6 ({Don't play} 10... cxb2 11. Rb1 $17) 11. b3 Qc7 12. Qxa8 Nc6 {[%cal Bb8c6,Bc6e5,Be5g4,Bg4e3][%mdl 32] Black is clearly winning.} 13. Bd3 Bb7 14. Qxf8+ Kxf8 15. a3 Ne5 16. Bc2 {[#]} Ng4 $1 {[%mdl 512]} 17. Bf4 (17. fxg4 Bxg2) 17... Qc5 {( -> ...Qf2+)} 18. Nh3 Ne3 {Accuracy: White =  5%, Black = 86%.} 0-1

[Event "Moscow Open-F 2019"]
[Site "Moscow"]
[Date "2019.01.30"]
[Round "6"]
[White "Bobrov, Vitaly"]
[Black "Badalyan, Shavarsh"]
[Result "0-1"]
[WhiteElo "1970"]
[BlackElo "2198"]
[Annotator "TA"]
[PlyCount "118"]
[EventDate "2019.01.26"]
[EventType "swiss"]
[EventCountry "RUS"]
[SourceTitle "playchess.com"]
[Source "ChessBase"]
[SourceQuality "1"]

{[%evp 17,118,0,12,-7,0,0,0,0,0,0,25,18,54,60,89,89,92,6,6,6,40,-40,-45,-104,33,32,16,42,32,30,34,-18,0,-394,-395,-384,-354,-360,-311,-303,-297,-349,-279,-293,-288,-367,-367,-307,-306,-402,-382,-330,-170,-116,-115,-177,-8,-8,-8,-8,-8,-8,-8,-8,-8,-8,0,0,0,-8,-8,-8,-8,-8,-8,-8,-8,-8,-8,-8,-8,-8,-8,-115,-115,-115,-115,-29959,-29964,-29969,-29944,-29978,-29979,-29979,-29980,-29980,-29981,-29981,-29982,-29982,-29983,-29983,-29984]} 1. e4 c5 2. c3 Nf6 3. e5 Nd5 4. d4 cxd4 5. cxd4 $146 (5. Nf3 e6 {½-½ (20) Pap,M (2493)-Perunovic,M (2611) Kragujevac 2017}) ({Predecessor:} 5. Nf3 e6 {0-1 (52) Nordebrink,J (2147)-Lindberg,H (2242) Sweden 2016}) 5... e6 6. Nf3 b6 7. Nc3 Nxc3 8. bxc3 Qc7 9. Bd2 Bb7 10. Ng5 {B22: Sicilian: 2 c3} (10. Bd3 d6 11. O-O Nd7 12. Ng5 dxe5 13. Qh5 g6 14. Qh3 Be7 15. Rfe1 Qd8 16. Qh6 Bf8 17. Qh3 Be7 18. Qh6 Bf8 19. Qh3 Be7 20. Qh6 {½-½ (20) Pap,M (2493)-Perunovic,M (2611) Kragujevac 2017}) 10... d6 11. f4 Be7 ({Predecessor:} 11... h6 12. Qh5 g6 13. Qh3 Be7 14. Nxe6 fxe6 15. Qxe6 Kd8 16. O-O-O Qc6 17. Qb3 Nd7 {0-1 (52) Nordebrink,J (2147)-Lindberg,H (2242) Sweden 2016}) 12. Qh5 {The position is equal.} g6 13. Qh6 {Hoping for Qg7.} Bxg5 14. Qxg5 Qe7 15. Qg3 Nc6 16. Bb5 a6 17. Bxc6+ (17. Bd3 $16) 17... Bxc6 $11 18. O-O Be4 19. f5 (19. c4 $14) 19... gxf5 $15 20. Bg5 ({White should try} 20. exd6 $15 Qf8 21. Rf2) 20... Rg8 (20... Qf8 $1 $17 21. Rf2 (21. exd6 $2 Rg8 $19) 21... Rg8) 21. Bxe7 $14 Rxg3 22. hxg3 Kxe7 23. exd6+ Kxd6 {[%mdl 4096] Endgame KRR-KRB} 24. Rae1 (24. a4 $14) 24... Rc8 25. Rxe4 $2 {[%mdl 8192]} (25. Re3 $11) 25... fxe4 $19 26. Rxf7 $11 {KR-KR} Rc7 27. Rf8 (27. Rxc7 Kxc7 28. Kf2 Kc6 $19) 27... Rxc3 28. Rd8+ Kc7 29. Rh8 Rxg3 30. Rxh7+ Kd6 31. Rb7 Kc6 32. Re7 Kd5 $1 33. Rd7+ Kc4 $1 34. Rd6 Ra3 (34... e3 $142 35. Rxb6 Kd3 36. Rb3+ Ke4) 35. Rxb6 $19 Rxa2 {aiming for ...e3.} 36. Rxe6 {[#]} Kxd4 $2 (36... Kd5 $1 $19 {[%cal Rd5e6]} 37. Rf6 e3) 37. g4 $1 $11 Ke3 38. g5 Ra5 39. g6 Rg5+ 40. Kf1 a5 41. Ra6 Kf3 42. Rf6+ Ke3 43. Ra6 a4 44. Rxa4 Rxg6 45. Ra3+ Kf4 46. Kf2 Rb6 47. Rc3 Rb2+ 48. Kf1 Rd2 49. Ra3 Rd3 50. Ra8 (50. Ra2 $1 $11 {was the only way to keep the balance.}) 50... Ke3 $17 51. Ke1 Rb3 {[%cal Rb3b1]} 52. Ra1 $2 {[%mdl 8192]} (52. Kf1 $17) 52... Kf3 {Black mates.} 53. Rc1 Rb8 54. Rc3+ e3 55. Kd1 Kf2 56. Rc2+ {[#]} Kf1 $1 57. Rh2 Rd8+ 58. Kc2 e2 59. Rh1+ Kg2 {Accuracy: White = 48%, Black = 54%.} 0-1

[Event "Moscow Open-F 2019"]
[Site "Moscow"]
[Date "2019.01.30"]
[Round "6"]
[White "Volobuev, Vladimir"]
[Black "Antonov, Andrey P."]
[Result "1/2-1/2"]
[WhiteElo "1954"]
[BlackElo "2150"]
[Annotator "TA"]
[PlyCount "89"]
[EventDate "2019.01.26"]
[EventType "swiss"]
[EventCountry "RUS"]
[SourceTitle "playchess.com"]
[Source "ChessBase"]
[SourceQuality "1"]

{[%evp 18,89,19,26,29,-3,-11,-27,4,8,2,2,7,10,10,0,-1,0,-3,-16,-16,-11,-17,-54,-16,-13,0,-6,0,0,0,0,0,-23,0,0,0,0,0,0,0,0,0,0,0,0,0,0,0,0,0,0,0,0,0,-7,0,0,0,0,0,0,22,22,22,22,22,22,26,0,30,24,29,29]} 1. e4 Nf6 $146 (1... e5 2. Nf3 Nc6 3. Nc3 {½-½ (67) Yeoh,L (2497)-Wang,H (2711) Kuala Lumpur 2018}) ({Predecessor:} 1... e5 2. Nf3 Nc6 3. Nc3 {1-0 (27) Maroczy,G-Bernstein,O Ostend 1906}) 2. Nc3 e5 3. Nf3 Nc6 4. Bb5 Bb4 5. O-O d6 (5... O-O 6. d3 {½-½ (67) Yeoh,L (2497)-Wang,H (2711) Kuala Lumpur 2018}) ({Predecessor:} 5... O-O 6. d3 {1-0 (27) Maroczy,G-Bernstein,O Ostend 1906}) 6. d3 O-O 7. Bg5 Bxc3 (7... Ne7 8. Bxf6 gxf6 9. Nh4 Bxc3 {½-½ (67) Yeoh,L (2497)-Wang,H (2711) Kuala Lumpur 2018}) 8. bxc3 Ne7 9. Bxf6 gxf6 10. Nh4 Ng6 {C49: Four Knights: 4 Bb5 Bb4} (10... f5 11. Qh5 fxe4 12. dxe4 Ng6 13. Nf5 Qf6 14. g3 Bxf5 15. exf5 Ne7 16. Bd3 d5 17. f3 Kh8 18. Kh1 {½-½ (67) Yeoh,L (2497)-Wang,H (2711) Kuala Lumpur 2018}) ({Predecessor:} 10... c6 11. Bc4 d5 12. Bb3 Ng6 13. Nxg6 hxg6 {1-0 (27) Maroczy,G-Bernstein,O Ostend 1906}) 11. Nxg6 hxg6 12. f4 c6 {Black has an edge.} 13. Bc4 d5 14. Bb3 dxe4 ({Predecessor:} 14... exf4 15. Rxf4 Kg7 16. Qf3 Be6 17. Rf1 f5 18. exf5 Bxf5 {1-0 (27) Maroczy,G-Bernstein,O Ostend 1906}) 15. fxe5 fxe5 16. dxe4 Qe7 17. Qd2 {[#] And now Qh6 would win.} Kg7 18. Rad1 Bg4 19. Qd6 Rae8 20. Rd2 Qxd6 21. Rxd6 Re7 22. h3 $132 {[%mdl 2048] White has counterplay} Rd7 (22... Bd7 {is interesting.} 23. a4 f5 24. a5 c5 25. exf5 gxf5 26. Rd5 Bb5) 23. Rff6 Rxd6 24. Rxd6 $11 {[%mdl 4096] Endgame KRB-KRB} Bc8 $1 25. g4 g5 26. Kf2 Re8 27. Kg3 Kf8 28. Rh6 Kg7 29. Rd6 Kf8 30. Rh6 Ke7 31. h4 gxh4+ 32. Kxh4 Rd8 33. Rh5 Rg8 34. g5 $1 Rg7 35. Rh8 Bd7 $1 36. Kh5 Be8 37. Kh4 a5 38. a3 b5 39. c4 b4 (39... a4 $5 40. Ba2 $8 Bd7 $11) 40. axb4 axb4 41. c5 Bd7 42. Rh6 Rg8 43. Rf6 Rg7 44. Kh5 {[#] Strongly threatening Kh6.} Rh7+ 45. Rh6 {Accuracy: White = 71%, Black = 55%.} 1/2-1/2